• 首页
  • 本馆介绍
  • 公告通知
  • 最新文献
  • 馆藏检索
  • 电子资源
  • 读者导购
  • 参考咨询
  • 我的图书馆
  • 登录
  • 详细信息显示
  • 放入我的书架
  • 预约/预借图书
  • 作者相关作品
  • 分类相关作品
  • 丛书相关作品
  • 出版社相关作品

书目信息

  • 表格格式
  • 工作单格式
  • 卡片格式
题名:
药物合成反应实验教程
    
 
作者: 沈广志 主编
分册:  
出版信息: 北京   中国医药科技出版社  2019
页数: 83页
开本: 29cm
丛书名: 全国高等院校药学类专业“十三五”规划实验教材
单 册:
中图分类: TQ460.31-33
科图分类:
主题词: 药物化学--yao wu hua xue--有机合成--化学反应--实验--高等学校--教材
电子资源:
ISBN: 978-7-5214-0941-3
000 01180nam 2200301 450
001 012001003298
005 20191204111959.46
010    @a978-7-5214-0941-3@dCNY22.00
099    @aCAL 012019147434
100    @a20191107d2019 em y0chiy50 ea
101 0  @achi
102    @aCN@b110000
105    @aak a 000yy
106    @ar
200 1  @a药物合成反应实验教程@Ayao wu he cheng fan ying shi yan jiao cheng@f主编沈广志
205    @a第2版
210    @a北京@c中国医药科技出版社@d2019
215    @a83页@c图@d29cm
225 2  @a全国高等院校药学类专业“十三五”规划实验教材@Aquan guo gao deng yuan xiao yao xue lei zhuan ye “shi san wu ”gui hua shi yan jiao cai@v01
300    @a校企合作示范教材
320    @a有书目 (第83页)
330    @a本书分上、下两篇。上篇为基本知识与技能; 下篇为药物合成反应实验, 包括药物合成反应单元实验和药物合成综合实验, 共23个实验项目。
410  0 @12001 @a全国高等院校药学类专业“十三五”规划实验教材@v01
606 0  @a药物化学@Ayao wu hua xue@x有机合成@x化学反应@x实验@x高等学校@j教材
690    @aTQ460.31-33@v5
701  0 @a沈广志@AShen Guangzhi@4主编
801  0 @aCN@b北京卓展@c20191020
905    @b1211129-32@dTQ460.31-33@e110=2@f4
    
    药物合成反应实验教程/主编沈广志.-第2版.-北京:中国医药科技出版社,2019
    83页:图;29cm.-(全国高等院校药学类专业“十三五”规划实验教材;01)
    校企合作示范教材
    
    ISBN 978-7-5214-0941-3:CNY22.00
    本书分上、下两篇。上篇为基本知识与技能; 下篇为药物合成反应实验, 包括药物合成反应单元实验和药物合成综合实验, 共23个实验项目。
●
相关链接 在E读中查询图书 在五车中查询图书 在当当中查询图书 在豆瓣中查询图书


正题名:药物合成反应实验教程     索取号:TQ460.31-33/110=2         预约/预借

序号 登录号 条形码 馆藏地/架位号 状态 备注
1 1211129   212111294   第二样本阅览室/ [索取号:TQ460.31-33/110=2] 在馆    
2 1211130   212111301   第三借阅区/ [索取号:TQ460.31-33/110=2] 在馆    
3 1211131   212111310   第三借阅区/ [索取号:TQ460.31-33/110=2] 在馆    
4 1211132   212111329   第三借阅区/ [索取号:TQ460.31-33/110=2] 在馆    
唐山师范学院图书馆 欢迎您!
大连网信软件有限公司© 版权所有